Primeros principios

Сохранить в:
Библиографические подробности
Главный автор: Spencer, Herbert (Автор)
Формат:
Язык:испанский
Опубликовано: Barcelona F. Granada 1930
Редактирование:1a. ed
Серии:Biblioteca Contemporánea
Предметы:
Метки: Добавить метку
Нет меток, Требуется 1-ая метка записи!

MARC

LEADER 00000nam a2200000 a 4500
001 UCH0313
003 CL-VaPUC
008 090306e19300000SP |||||||||||||||||spa|d
082 0 4 |a 121  |b SPE  |2 21 
100 0 |a Spencer, Herbert  |e author  |9 256539 
245 1 0 |a Primeros principios 
250 |a 1a. ed 
300 |a v 
942 |c BK 
945 |d 20090306 00:00:00  |a cmena 
260 |a Barcelona  |b F. Granada  |c 1930 
650 0 |a Teoría del conocimiento   |9 255038 
650 0 |a Filosofía de la religión   |9 256017 
650 0 |a Cognición   |9 270347 
583 |a last modification  |c 20130105 12:21:11  |k Rodrigo Vera 
490 0 |a Biblioteca Contemporánea 
999 |c 332647  |d 332645 
952 |0 0  |1 0  |4 0  |6 121_000000000000000_SPE_1930  |7 0  |8 P  |9 420499  |a BIBEDU  |b BIBEDU  |c BIBEDU_PB  |d 2019-11-22  |h t.1  |i 4519914  |o 121 SPE 1930  |p 4519914  |r 2024-01-25  |w 2019-11-22  |y BK  |k LIT 
952 |0 0  |1 0  |4 0  |6 121_000000000000000_SPE_1930  |7 0  |8 P  |9 420500  |a BIBEDU  |b BIBEDU  |c BIBEDU_PB  |d 2019-11-22  |h t.2  |i 4519922  |o 121 SPE 1930  |p 4519922  |r 2024-01-25  |w 2019-11-22  |y BK  |k LIT